Aplikácia princípov Corporate Governance a ich význam pre firmy a ich prostredie s dôrazom na obdobie finančnej, hospodárskej a dlhovej krízy dizertačná práca
Gespeichert in:
| 1. Verfasser: | |
|---|---|
| Körperschaft: | |
| Weitere Verfasser: | |
| Format: | Buch |
| Sprache: | Slowakisch |
| Veröffentlicht: |
Bratislava
2017
|
| Schlagworte: | |
| Tags: |
Keine Tags, Fügen Sie das erste Tag hinzu!
|
MARC
| LEADER | 00000nbm a2200000 4500 | ||
|---|---|---|---|
| 001 | 0234297 | ||
| 005 | 20240502073812.1 | ||
| 041 | 0 | |a slo | |
| 044 | |a SK | ||
| 245 | 1 | 0 | |a Aplikácia princípov Corporate Governance a ich význam pre firmy a ich prostredie s dôrazom na obdobie finančnej, hospodárskej a dlhovej krízy |b dizertačná práca |c Dušan Steinhauser ; školiteľ: Zuzana Kittová |
| 264 | 1 | |a Bratislava |c 2017 | |
| 300 | |a 136 s. | ||
| 610 | 2 | 0 | |a firmy |
| 610 | 2 | 0 | |a správa podniku |
| 610 | 2 | 0 | |a kríza finančná |
| 610 | 2 | 0 | |a kríza hospodárska |
| 610 | 2 | 0 | |a teórie ekonomické |
| 610 | 2 | 0 | |a aktíva |
| 610 | 2 | 0 | |a náklady |
| 610 | 2 | 0 | |a korupcia |
| 610 | 2 | 0 | |a kultúra |
| 100 | 1 | |a Steinhauser, Dušan, 1988- | |
| 700 | 1 | |a Kittová, Zuzana, 1975- | |
| 710 | 2 | |a Obchodná fakulta EU. Katedra medzinárodného obchodu | |